00688nam a2200217Ia 4500003000400000008004100004020002400045040000800069082001700077100001900094245007900113260002900192300001500221365001200236901002100248902003600269903002600305942001200331952010800343999001900451LDD181105s9999 xx 000 0 und d a354041598Xc4187.90 cLDD a530.124 C66H aCohen, C. Gary 0aHigher-order numerical methods for transient wave equationscC. Gary Cohen aNew YorkbSpringerc2006 axviii, 348 bE 69.95 a3491b17-11-2006 a48879b14-12-2006cFdHBAeNBHM a10bReqst by : Mital, 2ddccMP 00102ddc40709147443aLDDbLDDg0.00l0o530.124 C66HpMP000286r2018-11-05v4187.90w2018-11-05yMP c147444d147444